[Event "AUTO-ELITE-507"]
[Site "http://www.queenalice.com/game.php?id=740577"]
[Date "2010.3.3"]
[Round "1"]
[White "luciopac"]
[Black "AnaRothebarth"]
[Result "1/2-1/2"]
[WhiteElo "2134"]
[BlackElo "2221"]

1. e4 e5 2. Nf3 Nc6 3. Bb5 a6 4. Ba4 Nf6 5. O-O b5 6. Bb3 Be7 7. Re1 O-O 8. c3
d6 9. h3 Na5 10. Bc2 c5 11. d3 Be6 12. Nbd2 Qc7 13. Nf1 Rac8 14. Ne3 h6 15. Nh2
d5 16. Nhg4 dxe4 17. dxe4 Nxg4 18. hxg4 Rfd8 19. Qf3 Qb7 20. Nf5 Nc4 21. b3 Nd6
22. Be3 Bf8 23. Rad1 c4 24. b4 Rd7 25. Rd2 Rcd8 26. Red1 Nc8 27. g5 Rxd2 28.
Rxd2 Rxd2 29. Bxd2 Qd7 30. Be3 hxg5 31. Bxg5 Ne7 1/2-1/2

[Event "AUTO-ELITE-507"]
[Site "http://www.queenalice.com/game.php?id=740578"]
[Date "2010.3.3"]
[Round "1"]
[White "AnaRothebarth"]
[Black "luciopac"]
[Result "1-0"]
[WhiteElo "2210"]
[BlackElo "2170"]

1. e4 d5 2. exd5 Qxd5 3. Nc3 Qa5 4. d4 c6 5. Nf3 Bg4 6. Be2 e6 7. Bd2 Qc7 8. O-O
Nf6 9. h3 Bh5 10. Ne5 Bg6 11. Re1 Bd6 12. Bf3 Nbd7 13. Qe2 Bxc2 14. Rac1 Bg6 15.
Nb5 Qb8 16. Bxc6 bxc6 17. Nxc6 Bh2+ 18. Kh1 Qb6 19. Kxh2 O-O 20. Ba5 Qb7 21.
Ne7+ Kh8 22. Nd6 Qb8 23. Bc7 Qb4 24. Rc4 Bd3 25. Rxb4 Bxe2 26. Rxe2 1-0

[Event "AUTO-ELITE-507"]
[Site "http://www.queenalice.com/game.php?id=740585"]
[Date "2010.3.3"]
[Round "1"]
[White "AnaRothebarth"]
[Black "ClivetheBeard"]
[Result "1/2-1/2"]
[WhiteElo "2207"]
[BlackElo "2312"]

1. e4 Nf6 2. e5 Ng8 3. Nf3 d6 4. Nc3 dxe5 5. Nxe5 Nd7 6. Nf3 e6 7. d4 Bd6 8. Bd3
Ngf6 9. O-O a6 10. Bg5 h6 11. Bh4 b5 1/2-1/2

[Event "AUTO-ELITE-507"]
[Site "http://www.queenalice.com/game.php?id=740586"]
[Date "2010.3.3"]
[Round "1"]
[White "ClivetheBeard"]
[Black "AnaRothebarth"]
[Result "1/2-1/2"]
[WhiteElo "2304"]
[BlackElo "2219"]

1. d4 Nf6 2. e3 e6 3. f4 b6 4. Nf3 Ba6 5. c4 Be7 6. Nc3 c5 7. d5 exd5 8. cxd5
Bxf1 9. Rxf1 d6 10. Kf2 O-O 11. Kg1 Re8 12. e4 Bf8 13. e5 Nfd7 14. e6 fxe6 15.
dxe6 Nf6 16. f5 Nc6 17. Bg5 Be7 18. Nd5 Nxd5 19. Qxd5 Qc7 20. Rad1 Rac8 21. a3
Rf8 22. Bxe7 Nxe7 23. Qxd6 Qxd6 24. Rxd6 Rxf5 25. Rd7 Nc6 26. Rfd1 Re8 27. R1d6
Ne7 28. Rc7 h6 29. Rdd7 Kf8 30. Nd2 1/2-1/2

[Event "ABERTO DO BRASIL"]
[Site "http://www.queenalice.com/game.php?id=741965"]
[Date "2010.3.6"]
[Round "5"]
[White "AnaRothebarth"]
[Black "Lord_Lelis"]
[Result "1-0"]
[WhiteElo "2218"]
[BlackElo "1727"]

1. e4 e6 2. f4 d5 3. e5 c5 4. c3 Nc6 5. Nf3 c4 6. d4 Bd7 7. Nbd2 Nh6 8. Be2 Nf5
9. Nf1 Qb6 10. g4 Nfe7 11. Ng3 O-O-O 12. O-O g6 13. b3 h5 14. bxc4 dxc4 15. Bxc4
hxg4 16. Ng5 Be8 17. Be3 Nf5 18. Qe2 Nxg3 19. hxg3 Bh6 20. d5 Qc7 21. d6 Qd7 22.
Ne4 f5 23. Nc5 Qh7 24. Bxe6+ Kb8 25. Rfb1 Na5 26. Nxb7 Nxb7 27. Qa6 Rd7 28.
Qxa7+ Kc8 29. Qa8# 1-0

[Event "luciopac"]
[Site "http://www.queenalice.com/game.php?id=773152"]
[Date "2010.5.9"]
[Round "1"]
[White "AnaRothebarth"]
[Black "Plotnnikov"]
[Result "1/2-1/2"]
[WhiteElo "2232"]
[BlackElo "2475"]

1. e4 c5 2. Nc3 e6 3. f4 a6 4. Nf3 b5 5. d3 Bb7 6. Be2 d6 7. O-O Nc6 8. Be3 Nf6
9. h3 Qc7 10. a4 b4 11. Nb1 a5 12. Nbd2 Be7 13. c3 O-O 14. Qe1 Rab8 15. g4 Nd7
16. d4 d5 17. e5 bxc3 18. bxc3 cxd4 19. cxd4 Nb4 20. Qf2 Nb6 21. f5 Bc6 22. Rac1
exf5 23. gxf5 f6 24. Kh1 fxe5 25. Nxe5 Qb7 26. Nxc6 Nxc6 27. Qg2 Kh8 28. Bb5
Rbc8 29. Rg1 Bf6 30. Nb3 Qe7 31. Bf2 Na7 32. Nc5 Nxb5 33. axb5 a4 34. Rce1 Qa7
35. Re6 a3 36. Bh4 Rb8 37. Bxf6 gxf6 38. Qe2 a2 39. Ra1 Qg7 40. Rxa2 Rg8 41. Qh2
Qh6 42. Re1 Qh4 43. Rf1 1/2-1/2

[Event "Challenge"]
[Site "http://www.queenalice.com/game.php?id=801695"]
[Date "2010.7.11"]
[Round "-"]
[White "WilsonFerreira"]
[Black "AnaRothebarth"]
[Result "0-1"]
[WhiteElo "1979"]
[BlackElo "2222"]

1. e4 e5 2. Nf3 Nc6 3. Bc4 Bc5 4. d3 Nf6 5. O-O O-O 6. Bg5 d6 7. Nbd2 h6 8. Be3
Bxe3 9. fxe3 Na5 10. a3 Nxc4 11. Nxc4 Be6 12. Ncd2 c6 13. h3 Qb6 14. Qe2 Qxb2
15. Rab1 Qxa3 16. Rxb7 Rfb8 17. Rxb8+ Rxb8 18. d4 Rb2 19. Nc4 Bxc4 20. Qxc4
Qxe3+ 21. Kh1 Qxe4 22. Qa4 Qxc2 0-1

[Event "Challenge"]
[Site "http://www.queenalice.com/game.php?id=835776"]
[Date "2010.9.21"]
[Round "-"]
[White "AnaRothebarth"]
[Black "WilsonFerreira"]
[Result "1-0"]
[WhiteElo "2227"]
[BlackElo "1999"]

1. e4 c5 2. Nc3 d6 3. f4 e6 4. Nf3 Be7 5. Bb5+ Bd7 6. Qe2 a6 7. Bxd7+ Nxd7 8.
O-O Ngf6 9. e5 Nd5 10. Nxd5 exd5 11. exd6 Qb6 12. Qxe7# 1-0

[Event "Challenge"]
[Site "http://www.queenalice.com/game.php?id=860880"]
[Date "2010.11.19"]
[Round "-"]
[White "grandmaster1991"]
[Black "AnaRothebarth"]
[Result "0-1"]
[WhiteElo "1687"]
[BlackElo "2242"]

1. d4 Nf6 2. c4 e6 3. Nc3 Bb4 4. Qc2 b6 5. a3 Bxc3+ 6. Qxc3 Bb7 7. Bg5 O-O 8.
Nf3 d6 9. g3 Nbd7 10. Bg2 h6 11. Bxf6 Nxf6 12. O-O c5 13. Rad1 Qc7 14. dxc5 bxc5
15. b4 cxb4 16. axb4 Rfc8 17. Rd4 d5 18. c5 a5 19. Rc1 axb4 20. Rxb4 Ne4 21. Qb2
Nxc5 22. Rb5 Qe7 23. Rcxc5 Rxc5 24. Rxb7 Rc7 25. Rb8+ Rxb8 26. Qxb8+ Kh7 27.
Qb1+ g6 28. e3 Qf6 29. Nd4 e5 30. Nb5 Rc5 31. Bf1 Kg7 32. Qb4 Rc2 33. Qe1 Qc6
0-1

[Event "Enquanto eu respirar..."]
[Site "http://www.queenalice.com/game.php?id=862358"]
[Date "2010.11.22"]
[Round "-"]
[White "Rafaelpimentel"]
[Black "AnaRothebarth"]
[Result "1/2-1/2"]
[WhiteElo "2194"]
[BlackElo "2239"]

1. Nf3 d5 2. b3 c5 3. Bb2 Nc6 4. e3 a6 5. Be2 Nf6 6. O-O Bf5 7. d3 Qc7 8. Nbd2
e5 9. c4 d4 10. a3 Bd6 11. h3 O-O 12. e4 Bd7 13. Re1 Rab8 14. Nf1 b5 15. Qc2
bxc4 16. bxc4 Rb6 17. Reb1 1/2-1/2

[Event "luciopac"]
[Site "http://www.queenalice.com/game.php?id=863846"]
[Date "2010.11.26"]
[Round "2"]
[White "fosdunc"]
[Black "AnaRothebarth"]
[Result "1/2-1/2"]
[WhiteElo "2360"]
[BlackElo "2238"]

1. e4 e5 2. Nf3 Nc6 3. d4 exd4 4. Bc4 Nf6 5. e5 d5 6. Bb5 Ne4 7. Nxd4 Bd7 8.
Bxc6 bxc6 9. O-O Be7 10. f3 Nc5 11. Be3 O-O 12. Nc3 Ne6 13. Re1 c5 14. Nf5 c6
15. Ne2 Bg5 16. Qd2 Bxe3+ 17. Qxe3 f6 18. Neg3 fxe5 1/2-1/2

[Event "Challenge"]
[Site "http://www.queenalice.com/game.php?id=864036"]
[Date "2010.11.26"]
[Round "-"]
[White "AnaRothebarth"]
[Black "Ramoalid_liempten"]
[Result "1-0"]
[WhiteElo "2243"]
[BlackElo "2077"]

1. e4 e5 2. Nf3 Nc6 3. Bb5 Nf6 4. O-O Bc5 5. Nxe5 Nxe5 6. d4 c6 7. dxe5 Nxe4 8.
Bd3 d5 9. exd6 Nf6 10. Re1+ Be6 11. Bc4 O-O 12. Bxe6 fxe6 13. Nc3 Qd7 14. Be3
Bxd6 15. Qe2 Qc7 16. h3 Rae8 17. Rad1 b6 18. Bg5 Bb4 19. Bxf6 Rxf6 20. Ne4 Bxe1
21. Nxf6+ gxf6 22. Qxe1 c5 23. Rd3 Qf7 24. Qe4 e5 25. a4 f5 26. Qc6 Kg7 27. a5
Re6 28. Qc8 Re8 29. Rd8 Rxd8 30. Qxd8 bxa5 31. Qxa5 Qe7 32. Kf1 Kf6 33. Ke2 h5
34. Qd2 Kg6 35. b3 Qc7 36. Qd5 Kf6 37. Qg8 Qd6 38. Qh8+ Kg6 39. Qe8+ Kg5 40. g3
Qa6+ 41. Kd2 Qa5+ 42. c3 Qa2+ 43. Ke3 Qb1 44. Qe7+ Kg6 45. Qxc5 Qe1+ 46. Kd3 e4+
47. Kc4 Qe2+ 48. Kb4 a6 49. h4 Kf6 50. Qb6+ Kf7 51. Qe3 Qf3 52. Qxf3 exf3 53.
Kc5 1-0

[Event "luciopac"]
[Site "http://www.queenalice.com/game.php?id=904397"]
[Date "2011.2.23"]
[Round "3"]
[White "AnaRothebarth"]
[Black "MarceloPadre"]
[Result "1-0"]
[WhiteElo "2250"]
[BlackElo "2127"]

1. e4 c6 2. d4 d5 3. exd5 cxd5 4. Bd3 Nc6 5. c3 Nf6 6. Nf3 Bg4 7. Bf4 e6 8. Nbd2
Bd6 9. Bxd6 Qxd6 10. O-O O-O 11. Re1 Rfe8 12. h3 Bh5 13. Qe2 e5 14. dxe5 Nxe5
15. Qf1 Nxf3+ 16. Nxf3 Bxf3 17. gxf3 Nh5 18. Rxe8+ Rxe8 19. Re1 Re6 20. Rxe6
fxe6 21. Qd1 Nf4 22. Bf1 Qe5 23. Qa4 h6 24. Qxa7 b5 25. Qe3 Qg5+ 26. Kh2 Kf7 27.
b3 Ke7 28. Qc5+ Kf6 29. Qxb5 Qe5 30. Qb4 Nd3+ 31. f4 Nxf4 32. Qd4 g5 33. Qxe5+
Kxe5 34. Kg3 Ke4 35. a4 e5 36. a5 Ne6 37. Bg2+ Kd3 38. Bxd5 1-0

[Event "luciopac"]
[Site "http://www.queenalice.com/game.php?id=956679"]
[Date "2011.7.4"]
[Round "4"]
[White "Rutty"]
[Black "AnaRothebarth"]
[Result "0-1"]
[WhiteElo "1974"]
[BlackElo "2258"]

1. e4 e5 2. Nf3 Nc6 3. Nc3 Nf6 4. d4 exd4 5. Nxd4 Bb4 6. Nxc6 Bxc3+ 7. bxc3 dxc6
8. Qxd8+ Kxd8 9. Bg5 h6 10. Bxf6+ gxf6 11. Bc4 Be6 12. Bb3 c5 13. O-O-O+ Ke7 14.
f4 c4 15. f5 cxb3 16. fxe6 bxa2 17. Kb2 fxe6 18. Kxa2 Rhg8 19. g3 Rg4 20. Rd4
Rd8 21. Rxd8 Kxd8 22. Rd1+ Ke7 23. Kb3 Rxe4 24. Rd3 h5 25. c4 e5 0-1

[Event "AUTO-MASTER-1457"]
[Site "http://www.queenalice.com/game.php?id=965448"]
[Date "2011.7.27"]
[Round "1"]
[White "AnaRothebarth"]
[Black "Arthur0007"]
[Result "1/2-1/2"]
[WhiteElo "2261"]
[BlackElo "2034"]

1. e4 e5 2. Nf3 Nf6 3. Nc3 Nc6 4. Bb5 d6 5. O-O Be7 6. h3 Bd7 7. d4 Nxd4 8. Nxd4
exd4 9. Bxd7+ Qxd7 10. Qxd4 O-O 11. Re1 Rfe8 12. Bf4 h6 13. Rad1 Qc6 14. Qd3 Bf8
15. Nd5 Nxd5 16. exd5 Qd7 17. c4 Rxe1+ 18. Rxe1 Re8 19. Rxe8 Qxe8 20. Be3 b6 21.
b3 g6 22. a4 a5 23. f3 Bg7 24. Kf2 Qe5 25. f4 1/2-1/2

[Event "AUTO-MASTER-1457"]
[Site "http://www.queenalice.com/game.php?id=965449"]
[Date "2011.7.27"]
[Round "1"]
[White "Arthur0007"]
[Black "AnaRothebarth"]
[Result "0-1"]
[WhiteElo "2090"]
[BlackElo "2261"]

1. e4 e5 2. Nf3 Nc6 3. Bc4 Bc5 4. O-O Nf6 5. d4 Bxd4 6. Nxd4 Nxd4 7. c3 Nc6 8.
Bg5 h6 9. Bxf6 Qxf6 10. Nd2 d6 11. Qf3 Qxf3 12. Nxf3 O-O 13. h3 Kh7 14. Nd2 f5
15. f3 f4 16. Kf2 g5 17. h4 g4 18. fxg4 Bxg4 19. Be2 h5 20. Nf3 Rf6 21. Ng5+ Kh6
22. Rae1 Nd8 23. Kg1 Bxe2 24. Rxe2 Ne6 25. Nxe6 Rxe6 26. Kh2 Rg8 27. Rf3 Reg6
28. Ref2 Rg4 29. Rh3 Rg3 30. Kh1 Rxh3+ 31. gxh3 Rg3 32. Kh2 Re3 0-1

[Event "AUTO-MASTER-1457"]
[Site "http://www.queenalice.com/game.php?id=965450"]
[Date "2011.7.27"]
[Round "1"]
[White "AnaRothebarth"]
[Black "Bruscato"]
[Result "0-1"]
[WhiteElo "2261"]
[BlackElo "2071"]

1. e4 e6 2. f4 c5 3. Nc3 d5 4. Nf3 dxe4 5. Nxe4 Nc6 6. Bb5 Bd7 7. O-O Qb6 8. a4
a6 9. Bc4 Nf6 10. d3 Be7 11. Kh1 O-O 12. Qe1 Rad8 13. h3 Nd4 14. Nxd4 cxd4 15.
Ng5 h6 16. Nf3 Bc6 17. Ne5 Bd6 18. a5 Qc7 19. Bd2 Bxe5 20. fxe5 Nd7 21. Bf4 Nc5
22. Qg3 Kh7 23. Rf2 Bd5 24. Bxd5 Rxd5 0-1

[Event "AUTO-MASTER-1457"]
[Site "http://www.queenalice.com/game.php?id=965451"]
[Date "2011.7.27"]
[Round "1"]
[White "Bruscato"]
[Black "AnaRothebarth"]
[Result "1/2-1/2"]
[WhiteElo "2042"]
[BlackElo "2268"]

1. e4 e5 2. Nf3 Nc6 3. Bb5 a6 4. Ba4 Nf6 5. O-O Be7 6. Re1 b5 7. Bb3 O-O 8. a4
Bb7 9. axb5 axb5 10. Rxa8 Qxa8 11. d3 d6 12. Nc3 b4 13. Nd5 Nxd5 14. Bxd5 Na5
15. Bxb7 Qxb7 16. b3 f5 17. exf5 Rxf5 18. Be3 Qc6 19. Nd2 d5 20. Nf3 Nb7 21. Bc1
Bd6 22. Bb2 d4 23. Nd2 Na5 1/2-1/2

[Event "AUTO-MASTER-1457"]
[Site "http://www.queenalice.com/game.php?id=965452"]
[Date "2011.7.27"]
[Round "1"]
[White "AnaRothebarth"]
[Black "valentin"]
[Result "1-0"]
[WhiteElo "2254"]
[BlackElo "1977"]

1. e4 c5 2. Nc3 Nc6 3. f4 g6 4. Nf3 Bg7 5. Bb5 Nd4 6. O-O Nxb5 7. Nxb5 d5 8. e5
a6 9. Nc3 d4 10. Ne4 Qd5 11. Qe2 f5 12. exf6 Nxf6 13. Nf2 Qe6 14. Re1 Qxe2 15.
Rxe2 Nd5 16. d3 b6 17. Ne4 O-O 18. g3 Bg4 19. Kg2 e5 20. Nf2 Bxf3+ 21. Kxf3 exf4
22. gxf4 1-0

[Event "AUTO-MASTER-1457"]
[Site "http://www.queenalice.com/game.php?id=965453"]
[Date "2011.7.27"]
[Round "1"]
[White "valentin"]
[Black "AnaRothebarth"]
[Result "0-1"]
[WhiteElo "1972"]
[BlackElo "2258"]

1. d4 Nf6 2. c4 e6 3. Nc3 Bb4 4. Qc2 b6 5. Nf3 Bb7 6. a3 Bxc3+ 7. Qxc3 Ne4 8.
Qc2 O-O 9. g3 d6 10. Bg2 Nf6 11. O-O Nbd7 12. b4 c5 13. Bf4 Qe7 14. dxc5 dxc5
15. Rfd1 Rfd8 16. Bd6 Qe8 17. Rd2 Be4 18. Qa4 a6 19. Rad1 Rac8 20. bxc5 Nxc5 21.
Qxe8+ Rxe8 22. Be5 Na4 0-1

[Event "Adeptus - MT"]
[Site "http://www.queenalice.com/game.php?id=968381"]
[Date "2011.8.3"]
[Round "1"]
[White "Rafaelpimentel"]
[Black "AnaRothebarth"]
[Result "1/2-1/2"]
[WhiteElo "2230"]
[BlackElo "2243"]

1. c4 d5 2. cxd5 Nf6 3. e4 c6 4. Nc3 cxd5 5. e5 d4 6. exf6 dxc3 7. dxc3 Qxd1+ 8.
Kxd1 exf6 9. Be3 Nc6 10. Bb5 Bf5 11. Nf3 Be4 12. Ke2 a6 13. Bxc6+ Bxc6 14. Rhd1
Be7 15. g3 h5 16. Nd4 Bd7 17. Rd2 h4 18. Re1 O-O-O 19. Kd1 hxg3 20. hxg3 Bg4+
21. f3 Be6 22. Kc1 Rd7 23. Bf4 1/2-1/2